[Event "Moscow Open-F 2019"]
[Site "Moscow"]
[Date "2019.01.29"]
[Round "5"]
[White "Kasparov, Aram"]
[Black "Zakhartsov, Vladimir"]
[Result "0-1"]
[WhiteElo "2007"]
[BlackElo "2483"]
[Annotator "TA"]
[PlyCount "136"]
[EventDate "2019.01.26"]
[EventType "swiss"]
[EventCountry "RUS"]
[SourceTitle "playchess.com"]
[Source "ChessBase"]
[SourceQuality "1"]

{[%evp 10,136,47,37,52,4,13,-18,-23,-58,-48,-59,-45,-53,-47,-46,-36,-44,-29,-54,-29,-28,-6,-16,29,27,66,6,6,0,0,-21,0,0,0,-50,-31,-88,-45,-53,0,-60,-58,-204,-147,-185,-193,-590,-590,-552,-117,-114,0,0,0,0,278,0,655,-8,-8,-8,-8,-8,-8,-8,-2,-7,-7,-7,-7,-7,-7,-8,-7,-8,-7,-43,-15,-39,-8,-8,-8,-8,-8,-8,-8,-8,-8,-8,-8,-29964,-29965,-29966,-29967,-29967,-29968,-29969,-29970,-29970,-29971,-29970,-29972,-29973,-29973,-29974,-29974,-29974,-29975,-29975,-29976,-29976,-29977,-29977,-29978,-29978,-29979,-29979,-29980,-29979,-29981,-29981,-29982,-29982,-29982,-29986,-29987,-29988,-29989]} 1. d4 Nf6 2. c4 e6 3. Nc3 Bb4 4. Qc2 (4. Nf3 Bxc3+ 5. bxc3 d6 6. Qc2 O-O {1-0 (47) Yu,Y (2751)-Meier,G (2650) Riadh 2017}) 4... O-O 5. e4 Bxc3+ 6. bxc3 d6 {E32: Nimzo-Indian: Classical (4 Qc2): 4...0-0} 7. Nf3 e5 8. dxe5 (8. Bd3 Nc6 9. h3 b6 10. O-O h6 11. Be3 Ba6 12. Nd2 exd4 13. cxd4 Nb4 {1-0 (47) Yu,Y (2751)-Meier,G (2650) Riadh 2017}) 8... dxe5 {The position is equal.} 9. Bg5 $146 ({Predecessor:} 9. Ba3 Re8 10. Rd1 Nbd7 11. Nh4 b6 12. c5 Bb7 13. f3 Qc8 14. cxb6 axb6 {0-1 (50) Bodrogi,L (1928)-Ritter,G (2039) Budapest 2016}) 9... h6 10. Bh4 Qe7 11. Be2 Nbd7 12. Nd2 b6 13. O-O Nc5 (13... g5 $5 14. Bg3 $8 a5 $15) 14. Rfd1 Bb7 {Threatens to win with ...g5.} 15. f3 $1 Ne6 16. Nf1 g5 17. Bf2 Nf4 18. c5 (18. Ne3 $14) 18... Kh7 19. Ng3 Rg8 20. Kh1 Rg6 21. Bc4 g4 22. cxb6 (22. Nf5 {is more complex.} Qf8 23. cxb6 axb6 24. Nh4 Rg7 25. Rg1) 22... axb6 23. Be3 (23. Nf5 $15 Qe8 24. Bg3) 23... gxf3 $17 24. gxf3 N6h5 ({Black should play} 24... Rag8 $15 25. Rg1 N6h5 26. Nxh5 Nxh5) 25. Nxh5 (25. Nf5 $1 $11 Qe8 26. Rg1) 25... Nxh5 $15 26. Bd5 (26. Rg1 $15) 26... Qf6 27. Qf2 Bxd5 28. Rxd5 $2 (28. exd5 {nothing else works.} Ra3 29. Qe2) 28... Rag8 $1 $19 {And now ...Ng3+! would win.} 29. Rf1 {[#]} Qe6 $2 (29... Rg3 $1 $19 {[%mdl 512] and Black stays clearly on top.} 30. f4 (30. hxg3 $2 Nxg3+ 31. Qxg3 Rxg3 $19) 30... Qg6 $1 {[%mdl 512]} 31. Rxe5 (31. f5 $2 Qg4 $19) 31... Rxe3 $1 {[%mdl 576] Double Attack}) 30. Qh4 $17 Ng3+ (30... Nf6 $17 31. Rd2 Ne8) 31. hxg3 $11 Rxg3 32. Kh2 Rg2+ $1 33. Kh1 R8g3 $2 {[%mdl 8192] [#]} (33... R2g3 $11 34. Kh2 Rg2+ 35. Kh1 R2g3) 34. Qxh6+ $2 ({Not} 34. Bf2 Rxf2 35. Rxf2 Rh3+ 36. Qxh3 Qxh3+ 37. Kg1 Qg3+ 38. Kf1 h5 $17) ({Only move:} 34. Rxe5 $1 $18 {[%mdl 512]} Qxe5 35. Qxh6+ Kg8 36. Bd4 Rg1+ 37. Rxg1 Rxg1+ 38. Bxg1 Qxc3 39. Qg5+ Kh7 40. Be3) 34... Qxh6+ 35. Bxh6 Kxh6 36. Rxe5 Rxa2 $18 {[%mdl 4096] Endgame KRR-KRR} 37. Re7 Rgg2 {( -> ...Rh2+)} 38. Rc1 (38. Rb1 {looks sharper.} Rh2+ 39. Kg1 Rag2+ 40. Kf1 Rc2 41. Kg1) 38... Rh2+ 39. Kg1 Rag2+ 40. Kf1 Rf2+ 41. Kg1 Rhg2+ 42. Kh1 Rg7 43. Rg1 c5 44. Rb7 Rxf3 {[%cal Rf3h3]} 45. Rxb6+ Rg6 46. Rgxg6+ fxg6 $11 {KR-KR} 47. Kg2 Rxc3 48. Rc6 Kg5 49. e5 Kf4 50. Rxg6 $2 {[%mdl 8192]} (50. e6 $11) 50... Kxe5 {Black mates.} 51. Kf2 Rd3 52. Ke2 c4 53. Rc6 Kd4 54. Ra6 Kc3 55. Ra3+ Kc2 56. Ra4 Kb3 57. Ra7 Rd8 58. Rb7+ Kc2 59. Rc7 Re8+ 60. Kf2 c3 61. Kf3 Kd2 62. Rd7+ Kc1 63. Kf2 c2 64. Rb7 Re5 65. Kf3 Kd2 66. Rd7+ Kc3 67. Rc7+ Kd3 68. Kf2 Re4 {Accuracy: White = 35%, Black = 53%.} 0-1

[Event "Moscow Open-F 2019"]
[Site "Moscow"]
[Date "2019.01.29"]
[Round "5"]
[White "Kuzub, Pavel"]
[Black "Derevianchenko, Ilia"]
[Result "*"]
[WhiteElo "1976"]
[BlackElo "2339"]
[Annotator "RC"]
[PlyCount "24"]
[EventDate "2019.01.26"]
[EventType "swiss"]
[EventCountry "RUS"]
[SourceTitle "playchess.com"]
[Source "ChessBase"]
[SourceQuality "1"]
[TimeControl "40/5400+30:1800+30"]

1. Nf3 {[%emt 0:08:18]} g6 {[%emt 0:16:53]} 2. g3 {[%emt 0:00:15]} Bg7 {[%emt 0:02:34]} 3. Bg2 {[%emt 0:00:05]} d6 {[%emt 0:00:05]} 4. O-O {[%emt 0:00:07]} e5 {[%emt 0:00:02]} 5. d3 {[%emt 0:00:16]} f5 {[%emt 0:01:10]} 6. Nc3 {[%emt 0:01:09]} Nf6 {[%emt 0:00:10]} 7. e4 {[%emt 0:00:46]} O-O {[%emt 0:00:28]} 8. Bg5 {[%emt 0:02:29]} h6 {[%emt 0:00:37]} 9. Bxf6 {[%emt 0:01:11]} Qxf6 {[%emt 0:00:19]} 10. exf5 {[%emt 0:00:25]} gxf5 {[%emt 0:00:37]} 11. Nh4 {[%emt 0:00:52]} c6 {[%emt 0:51:42]} 12. f4 {[%emt 0:01:02]} Na6 {[%emt 0:00:55]} *

[Event "Moscow Open-F 2019"]
[Site "Moscow"]
[Date "2019.01.29"]
[Round "5"]
[White "Zhaksygulov, Askarbai"]
[Black "Indzhiev, Aldar"]
[Result "*"]
[WhiteElo "1795"]
[BlackElo "2218"]
[Annotator "NA RC"]
[PlyCount "40"]
[EventDate "2019.01.26"]
[EventType "swiss"]
[EventCountry "RUS"]
[SourceTitle "playchess.com"]
[Source "ChessBase"]
[SourceQuality "1"]
[TimeControl "40/5400+30:1800+30"]

1. e4 {[%emt 0:05:07]} c5 {[%emt 0:00:00]} 2. Nf3 {[%emt 0:00:03]} d6 {[%emt 0:00:00]} 3. Bb5+ {[%emt 0:00:19]} Nd7 {[%emt 0:00:00]} 4. d4 {[%emt 0:00:15]} cxd4 {[%emt 0:00:00]} 5. Qxd4 {[%emt 0:00:07]} Ngf6 {[%emt 0:02:19]} 6. Nc3 {[%emt 0:00:02]} a6 {[%emt 0:01:12]} 7. Bxd7+ {[%emt 0:00:05]} Bxd7 {[%emt 0:00:05]} 8. Bg5 {[%emt 0:00:03]} e6 {[%emt 0:00:45]} 9. O-O {[%emt 0:03:32]} h6 {[%emt 0:01:35]} 10. Bh4 {[%emt 0:01:05]} Be7 {[%emt 0:01:53]} 11. Nd2 {[%emt 0:02:46]} e5 {[%emt 0:01:13]} 12. Qd3 {[%emt 0:01:39]} g5 {[%emt 0:00:37]} 13. Bg3 {[%emt 0:00:02]} Rc8 {[%emt 0:06:10]} 14. Nc4 {[%emt 0:06:45]} Be6 {[%emt 0:01:39]} 15. Ne3 {[%emt 0:01:47]} Qb6 {[%emt 0:04:54]} 16. Rab1 {[%emt 0:06:46]} h5 {[%emt 0:00:47]} 17. h4 {[%emt 0:03:28]} Ng4 {[%emt 0:08:08]} 18. Ned5 {[%emt 0:05:32]} Qd4 {[%emt 0:08:06]} 19. Qf3 {[%emt 0:11:56]} Bd8 {[%emt 0:05:44]} 20. Rfd1 {[%emt 0:03:27]} Qa7 *

[Event "Moscow Open-F 2019"]
[Site "Moscow"]
[Date "2019.01.30"]
[Round "6"]
[White "Zakhartsov, Vladimir"]
[Black "Mamatov, Melis"]
[Result "1/2-1/2"]
[WhiteElo "2483"]
[BlackElo "2203"]
[Annotator "TA"]
[PlyCount "120"]
[EventDate "2019.01.26"]
[EventType "swiss"]
[EventCountry "RUS"]
[SourceTitle "playchess.com"]
[Source "ChessBase"]
[SourceQuality "1"]

{[%evp 9,120,6,1,-2,29,33,32,29,40,26,40,37,29,38,41,35,36,43,41,42,68,68,46,50,50,47,53,46,46,50,54,56,77,77,72,75,83,54,54,61,89,89,108,107,131,56,121,19,17,21,15,15,12,8,8,8,8,8,7,7,7,-16,51,0,5,-2,0,-8,-8,-8,-8,-8,-8,-8,0,0,0,0,0,-14,0,0,7,7,35,35,35,35,35,35,35,35,35,35,35,28,28,28,35,35,35,35,83,83,83,83,83,83,83,83,83,83,83]} 1. e4 c5 2. Nf3 d6 3. c3 Nf6 4. Bd3 Bg4 ({Predecessor:} 4... e5 5. Bc2 Bg4 6. d3 Be7 7. Nbd2 O-O 8. h3 Bh5 9. Nf1 Nc6 10. Ng3 Bg6 11. O-O {0-1 (38) Torres Kuckel,R (2153)-Hellwig,T (1830) Unna 2015}) 5. h3 Bh5 6. Bc2 $146 {B50: Sicilian: 2...d6, Miscellaneous} (6. O-O Nc6 7. Re1 e6 8. Bf1 Be7 9. d3 O-O 10. g4 Bg6 11. Nh4 Nd7 12. Nxg6 hxg6 13. Bg2 {0-1 (100) Kalezic,B (2448)-Korobov,A (2685) Batumi 2018}) 6... e5 7. d3 Be7 8. Nbd2 {[%cal Bb1d2,Bd2f1,Bf1g3][%mdl 32] White is slightly better.} Nc6 9. Nf1 d5 10. Ng3 Bg6 11. O-O O-O 12. Nh4 ({Predecessor:} 12. Qe2 d4 {0-1 (38) Torres Kuckel,R (2153)-Hellwig,T (1830) Unna 2015}) 12... dxe4 13. Nxg6 hxg6 14. dxe4 Qxd1 15. Rxd1 Rfd8 16. Be3 Rxd1+ 17. Rxd1 Rd8 18. Rxd8+ Nxd8 19. a4 b6 20. Nf1 Nb7 21. Nd2 Nd6 22. g3 Nd7 23. f4 Kf8 24. Kg2 Nb7 25. Bb3 Bd6 26. Bd5 Nd8 27. Nf3 (27. f5 $16) 27... Ke7 {[#]} ({Better is} 27... exf4 $14 28. gxf4 (28. Bxf4 Bxf4 29. gxf4 Nf6 $11) 28... Ke7) 28. Kf2 (28. f5 $1 $16) 28... exf4 $11 29. gxf4 Ne6 30. e5 Bc7 31. Be4 f6 32. Nh4 fxe5 33. Nxg6+ Kf6 {[%cal Re5f4]} 34. f5 Ng5 35. Bg2 Bd6 ({Black should try} 35... Bd8 $11) 36. h4 (36. Nh8 $1 $14 Nh7 37. h4) 36... Kxf5 37. Nh8 Ne6 $1 38. Bh3+ Kf6 39. Bg5+ $1 Nxg5 40. hxg5+ {[%mdl 4096] Endgame KBN-KBN} Ke7 41. Ng6+ Kf7 42. Nh8+ Kg8 {[#] And now ...Nf8 would win.} 43. Bxd7 {Black must now prevent Ng6.} Kxh8 {KB-KB} 44. Ke3 Be7 45. g6 Bg5+ 46. Ke4 Bc1 47. b3 Bd2 48. Kd3 Be1 49. Be6 e4+ 50. Kxe4 {Threatens to win with c4.} Bxc3 51. Bc4 Ba1 52. Kf5 {[%mdl 1024] White has compensation.} Bf6 53. Bd5 Bd8 54. Ke6 Bh4 55. Kd7 Be1 56. Kc6 {White is better.} Bd2 57. Kb7 a5 58. Kxb6 Bb4 59. Be6 Be1 60. Kxc5 Bb4+ {Accuracy: White = 60%, Black = 52%.} 1/2-1/2

[Event "Moscow Open-F 2019"]
[Site "Moscow"]
[Date "2019.01.30"]
[Round "6"]
[White "Tekeyev, Zaur"]
[Black "Smirnov, Timofey"]
[Result "0-1"]
[WhiteElo "2392"]
[BlackElo "2347"]
[Annotator "TA"]
[PlyCount "92"]
[EventDate "2019.01.26"]
[EventType "swiss"]
[EventCountry "RUS"]
[SourceTitle "playchess.com"]
[Source "ChessBase"]
[SourceQuality "1"]

{[%evp 9,92,21,12,14,36,39,33,12,29,23,29,9,17,9,25,-12,-14,-19,-17,-17,-10,-34,-23,-24,-10,-25,-18,-8,0,-14,-8,-13,0,0,0,0,0,0,0,-10,-12,-8,0,-8,0,-17,0,0,0,0,2,0,0,-16,-11,-16,0,-148,-140,-212,-225,-277,-258,-320,-302,-265,-293,-320,-318,-310,-288,-392,-391,-525,-518,-770,-764,-786,-779,-818,-811,-782,-772,-5193,-4886]} 1. e4 c5 2. Nf3 d6 3. Bb5+ Nd7 4. O-O a6 5. Bd3 (5. Bxd7+ Bxd7 6. d4 cxd4 7. Qxd4 e5 8. Qd3 h6 9. a4 Nf6 10. a5 Be7 11. c4 b5 12. axb6 Qxb6 13. Nc3 O-O 14. Be3 Qb7 15. h3 Rfc8 16. Nd2 Be6 17. Rfb1 a5 18. b3 Ra6 19. Ra2 Bd7 20. Rba1 {½-½ (20) Wang,H (2730)-Nepomniachtchi,I (2763) St Petersburg 2018}) 5... Ngf6 6. Re1 $146 {B51: Sicilian: Moscow Variation (3 Bb5+) without 3...Bd7} ({Predecessor:} 6. c3 e5 7. Bc2 Be7 8. d4 O-O {½-½ (56) Hansen,T (2463)-Gedajlovic,M (2302) Barbera del Valles 2016}) 6... e5 7. c3 Be7 8. Bc2 {White is slightly better.} O-O 9. d4 b5 10. a4 Bb7 11. d5 c4 12. axb5 ({Predecessor:} 12. Na3 Nc5 {½-½ (56) Hansen,T (2463)-Gedajlovic,M (2302) Barbera del Valles 2016}) 12... axb5 13. Rxa8 Qxa8 14. Na3 Ba6 15. Nh4 g6 16. Bh6 Re8 17. Qf3 Bf8 18. Bg5 Be7 19. Qg3 Nh5 20. Qe3 Bxg5 (20... Bd8 {is more complex.} 21. Bxd8 Qxd8 22. Nf3 Nc5 23. Ra1 Qb6) 21. Qxg5 Qd8 22. Qxd8 Rxd8 23. Ra1 Nc5 24. Nf3 Rb8 25. Nd2 Kf8 26. g3 Ke7 27. f3 Ng7 28. Kf2 f5 29. Ke3 h6 30. Rb1 Rc8 31. b4 cxb3 32. Bxb3 g5 33. Bc2 {[#]} (33. c4 $11 {keeps the balance.}) 33... Nxe4 $1 $17 {[%mdl 576] Discovered Attack} 34. fxe4 (34. Nxe4 $17 {was necessary.} fxe4 35. Kxe4) (34. Bxe4 Rxc3+) 34... Rxc3+ $19 {[%mdl 64] Double Attack} 35. Ke2 b4+ {[%cal Bb5b4,Bb4a3][%mdl 96] Discovered Attack} ({Don't play} 35... Rxa3 36. exf5 Ne8 37. Ne4 $19) 36. Kd1 bxa3 37. exf5 {Threatening f6+!} Bd3 38. Rb7+ Kf6 39. Bxd3 Rxd3 {[%mdl 4096] Endgame KRN-KRN} 40. g4 Rxd5 41. Ke2 {[%cal Rd2e4] [#]} Rd4 {Black is clearly winning.} 42. Ke3 {Threatens to win with Ne4+.} Rxg4 43. Ne4+ Kxf5 44. Rf7+ Kg6 45. Rf6+ Kh7 46. Nxd6 Rf4 {Accuracy: White = 36%, Black = 56%.} 0-1

[Event "Moscow Open-F 2019"]
[Site "Moscow"]
[Date "2019.01.30"]
[Round "6"]
[White "Fotin, Vladimir"]
[Black "Oguzov, Shamil"]
[Result "1-0"]
[WhiteElo "2341"]
[BlackElo "2196"]
[Annotator "TA"]
[PlyCount "102"]
[EventDate "2019.01.26"]
[EventType "swiss"]
[EventCountry "RUS"]
[SourceTitle "playchess.com"]
[Source "ChessBase"]
[SourceQuality "1"]

{[%evp 17,102,27,25,10,11,8,23,18,34,22,22,25,37,35,35,22,47,47,47,47,47,44,50,49,52,52,54,54,55,65,99,81,79,78,92,104,110,53,48,42,73,82,56,8,8,8,8,8,137,138,126,139,175,174,164,158,162,148,219,168,397,299,581,564,818,818,29949,7447,10363,10290,5481,6533,29964,29965,12844,6382,29972,29973,29977,29978,29979,29978,29979,29980,29981,29982,29982]} 1. Nf3 Nf6 $146 ({Predecessor:} 1... e6 2. g3 b6 3. Bg2 Bb7 4. O-O Nf6 5. c4 c5 6. Nc3 a6 7. b3 Be7 8. Bb2 {1-0 (51) Rustemov,A (2573)-Bunzmann,D (2596) Germany 1999}) 2. c4 e6 3. b3 b6 4. g3 Bb7 5. Bg2 Be7 6. O-O c5 7. Bb2 O-O 8. Nc3 a6 9. e3 d5 10. cxd5 {A30: Symmetrical English: Double Fianchetto and Hedgehog} Nxd5 11. Nxd5 Bxd5 12. d4 {White has an edge.} ({Predecessor:} 12. Qe2 Bf6 {1-0 (51) Rustemov,A (2573)-Bunzmann,D (2596) Germany 1999}) 12... Bf6 13. Qe2 cxd4 14. Bxd4 ({Predecessor:} 14. e4 d3 15. Qxd3 Bxb2 16. Rad1 Bf6 17. exd5 exd5 18. Qxd5 {1-0 (51) Rustemov,A (2573)-Bunzmann,D (2596) Germany 1999}) 14... Bxd4 15. Nxd4 Bxg2 16. Kxg2 Qd5+ 17. Qf3 Qxf3+ 18. Nxf3 Nc6 19. Rac1 Rac8 20. Rfd1 Nb4 21. Rxc8 Rxc8 $14 {[%mdl 4096] Endgame KRN-KRN} 22. Rd6 Nxa2 23. Rxb6 Nc1 24. Nd4 Ra8 25. Nc6 g6 26. b4 Nb3 27. Na5 (27. Rb7 $16) 27... Nd2 28. f3 Rc8 29. Nc6 ({Much worse is} 29. Rxa6 Rc2 $11) 29... Ra8 30. Rb8+ Rxb8 31. Nxb8 $11 {KN-KN} Nc4 32. Nxa6 Kf8 (32... Nxe3+ $11 33. Kf2 Nd5) 33. Kf2 $16 Ke7 34. Nc5 f5 35. e4 Kd6 36. Ke2 g5 37. f4 gxf4 38. gxf4 Na3 $2 (38... Nb6 39. Kd3 fxe4+ 40. Nxe4+ Ke7) 39. Kd3 h5 $2 (39... Nb5 40. e5+ Kd5) 40. h4 $18 Nb5 {[#]} 41. e5+ $1 Kd5 42. Nd7 Kc6 43. Nf6 Nc7 44. Ke3 Kb5 45. Nxh5 Nd5+ 46. Kf3 Ne7 47. Ng7 {White mates.} Kxb4 48. Nxe6 Kc4 49. Ng7 Kd5 50. h5 Kd4 51. h6 Kd5 {Accuracy: White = 83%, Black = 31%.} 1-0

[Event "Moscow Open-F 2019"]
[Site "Moscow"]
[Date "2019.01.30"]
[Round "6"]
[White "Ivlev, Aleksey"]
[Black "Sarana, Alexey"]
[Result "0-1"]
[WhiteElo "2326"]
[BlackElo "2630"]
[Annotator "TA"]
[PlyCount "94"]
[EventDate "2019.01.26"]
[EventType "swiss"]
[EventCountry "RUS"]
[SourceTitle "playchess.com"]
[Source "ChessBase"]
[SourceQuality "1"]

{[%evp 13,94,7,22,9,20,10,15,14,19,40,16,19,16,0,-9,-18,-16,-16,0,-24,-14,-22,-23,-34,-8,-38,-36,-61,-66,-62,-56,-52,-70,-108,-101,-104,-101,-101,-79,-89,-58,-71,-58,-78,-75,-65,-45,-61,-56,-49,-57,-55,-62,-55,-60,-63,0,-4,-4,-50,-48,-48,-48,-48,-31,-339,-297,-341,-340,-391,-376,-452,-455,-424,-387,-529,-504,-753,-668,-1157,-1141,-1471,-873]} 1. d4 (1. Nf3 Nf6 2. c4 b6 3. d4 Bb7 4. g3 g6 5. Bg2 Bg7 {½-½ (43) Lenic,L (2662)-Vachier Lagrave,M (2789) chess.com INT 2018}) 1... Nf6 2. Nf3 $146 ({Predecessor:} 2. c4 b6 3. Nf3 Bb7 4. g3 g6 5. Bg2 Bg7 {1-0 (62) Kryakvin,D (2529)-Popov,I (2650) Minsk 2015}) 2... b6 3. g3 Bb7 4. Bg2 g6 5. O-O Bg7 6. c4 O-O 7. Nc3 Ne4 8. Bd2 {A50: Queen's Fianchetto Defence (1 d4 Nf6 2 c4 b6)} c5 (8... e6 9. Nxe4 Bxe4 10. Bc3 c5 11. Rc1 Nc6 12. e3 Qc7 13. Qd2 Qb7 14. Ne1 cxd4 15. exd4 Ne7 {½-½ (43) Lenic,L (2662)-Vachier Lagrave,M (2789) chess.com INT 2018}) 9. Be1 ({Predecessor:} 9. Nxe4 Bxe4 10. Bc3 d6 11. Rc1 Nc6 12. d5 Bxf3 13. Bxf3 Bxc3 14. Rxc3 Ne5 15. Bg2 Rb8 {1-0 (62) Kryakvin,D (2529)-Popov,I (2650) Minsk 2015}) 9... Nd6 10. b3 {The position is equal.} cxd4 11. Nxd4 Bxg2 12. Kxg2 Nc6 13. Nxc6 dxc6 14. e3 Qd7 $36 {[%mdl 2048] Black has some pressure.} 15. Qf3 Qf5 16. Rd1 Rad8 17. Qe2 Qe6 18. Qc2 Rd7 19. Ne2 Rfd8 20. Bc3 Qe4+ 21. Qxe4 Nxe4 22. Rxd7 Rxd7 23. Bxg7 Kxg7 $15 {[%mdl 4096] Endgame KRN-KRN} 24. Nd4 c5 25. Nf3 f5 26. h3 Kf6 27. Rc1 e5 28. Rc2 Rd1 29. Ng1 Ng5 30. h4 Ne4 31. Ne2 Ke6 32. f3 Nf6 33. Nc3 Rd7 34. Kf2 h6 (34... e4 $1 $15) 35. Ke2 e4 36. f4 Rd3 37. Nb5 a6 38. Nc3 $1 Kf7 39. Na4 $2 {[%mdl 8192]} (39. Nb1 $15) 39... Ng4 $19 40. Nxb6 {White wants to play Nd5.} Rxe3+ {[%mdl 64] [#] Double Attack} 41. Kf1 Rxg3 42. Rd2 Rf3+ 43. Ke1 Rxf4 44. b4 Ne5 {[#] aiming for ...Nf3+.Black is clearly winning.} 45. Rd6 Rxh4 46. bxc5 {intending c6.} f4 47. Nd5 e3 {Accuracy: White = 39%, Black = 55%.} 0-1

[Event "Moscow Open-F 2019"]
[Site "Moscow"]
[Date "2019.01.30"]
[Round "6"]
[White "Kovalev, Egor"]
[Black "Borisov, Mark V."]
[Result "1-0"]
[WhiteElo "2234"]
[BlackElo "1931"]
[Annotator "TA"]
[PlyCount "81"]
[EventDate "2019.01.26"]
[EventType "swiss"]
[EventCountry "RUS"]
[SourceTitle "playchess.com"]
[Source "ChessBase"]
[SourceQuality "1"]

{[%evp 9,81,22,24,19,18,15,30,26,31,27,41,31,39,41,65,59,48,41,68,66,116,0,58,47,43,46,66,58,54,35,42,44,67,41,114,120,141,87,66,7,91,80,125,79,101,0,2,2,2,2,19,8,71,52,58,77,200,96,112,0,0,0,81,9,91,96,89,0,0,0,574,563,29989,29990]} 1. e4 c6 2. d4 d5 3. e5 c5 4. dxc5 Nc6 5. Nf3 Bg4 6. c3 {B12: Caro-Kann: Advance Variation} e6 7. Be3 Bxf3 8. Qxf3 {White has an edge.} Nxe5 9. Bb5+ Nc6 10. O-O Nf6 11. c4 Qc7 $146 ({Predecessor:} 11... a6 12. Ba4 Rc8 13. Rd1 Qa5 {0-1 (33) Akopian,V (2684)-Bernadskiy,V (2527) St Petersburg 2013}) 12. Nc3 {[%cal Rc4d5]} dxc4 $1 13. Bxc4 {Hoping for Nb5.} Be7 14. Nb5 Qb8 15. Nd4 (15. Bf4 $16 e5 16. Bg5) 15... Nxd4 (15... O-O $11) 16. Bxd4 $14 O-O 17. b4 a5 18. a3 Rd8 19. Rad1 {[%cal Ba1d1,Bd1d2,Bd2e2][%mdl 32]} axb4 20. axb4 Nd7 21. Rd2 Bf6 (21... b6 $14) 22. Rfd1 $16 Rf8 23. Bxf6 (23. Bb2 $142) 23... Nxf6 24. g4 ({White should try} 24. Qb3 $14) 24... h6 (24... Qe5 $1 $11) 25. h4 $1 Qe5 {[#]} 26. Re2 $1 {[%cal Re2e5]} Qc7 27. Rd6 (27. g5 $16 hxg5 28. hxg5) 27... Rfd8 28. Red2 Rxd6 29. Rxd6 {White wants to play g5.} Rd8 $1 {[%cal Rd8d6]} 30. Qd3 $36 {[%mdl 2048] White is pushing.} Ra8 (30... Rxd6 $1 $11 31. cxd6 Qd8) 31. g5 hxg5 32. hxg5 Nh5 (32... Ne8 $16 {keeps fighting.} 33. Rd4 g6) 33. Qe3 (33. Qd4 $18 {and the rest is easy.}) 33... g6 34. b5 ({White should play} 34. Bb5 $16) 34... Ng7 $1 $11 {[%cal Rg7f5] White must now prevent ...Nf5.} 35. Bd3 Ra4 {[#]} (35... Ne8 $11 {keeps the balance.} 36. Rb6 Ra1+ 37. Kg2 Ra3) 36. b6 (36. Qe5 $1 $16) 36... Rg4+ (36... Qe7 $1 $11 {remains equal.}) 37. Kf1 $16 Qe7 38. f4 ({Better is} 38. Be4 $16) 38... Nh5 $11 39. Rd4 {c6! is the strong threat.} Kh7 $2 {[%mdl 8192]} (39... e5 $1 $11 40. c6 bxc6) 40. Qh3 $18 Qxc5 {aiming for ...f5.} 41. Qxh5+ $1 {Accuracy: White = 53%, Black = 30%.} 1-0

[Event "Moscow Open-F 2019"]
[Site "Moscow"]
[Date "2019.01.30"]
[Round "6"]
[White "Indzhiev, Aldar"]
[Black "Chernyavsky, Alexander"]
[Result "*"]
[WhiteElo "2218"]
[BlackElo "2357"]
[Annotator "RC"]
[PlyCount "68"]
[EventDate "2019.01.26"]
[EventType "swiss"]
[EventCountry "RUS"]
[SourceTitle "playchess.com"]
[Source "ChessBase"]
[SourceQuality "1"]
[TimeControl "40/5400+30:1800+30"]

1. c4 {[%emt 0:00:00]} g6 {[%emt 0:01:06]} 2. d4 {[%emt 0:00:01]} Bg7 {[%emt 0:00:05]} 3. e4 {[%emt 0:00:12]} d6 {[%emt 0:00:17]} 4. Nf3 {[%emt 0:00:17]} Nf6 {[%emt 0:00:15]} 5. Nc3 {[%emt 0:00:06]} O-O {[%emt 0:01:39]} 6. h3 {[%emt 0:00:10]} c5 {[%emt 0:01:38]} 7. Be3 {[%emt 0:08:05]} cxd4 8. Nxd4 {[%emt 0:00:07]} Nc6 {[%emt 0:00:53]} 9. Be2 {[%emt 0:00:16]} Bd7 {[%emt 0:00:07]} 10. O-O {[%emt 0:00:11]} Nxd4 11. Bxd4 {[%emt 0:00:06]} Bc6 {[%emt 0:00:08]} 12. Qd3 {[%emt 0:09:32]} Nd7 {[%emt 0:02:04]} 13. Bxg7 Kxg7 {[%emt 0:00:02]} 14. b4 {[%emt 0:05:28]} b6 {[%emt 0:17:27]} 15. Rfc1 {[%emt 0:11:24]} f5 {[%emt 0:08:10]} 16. Qd4+ {[%emt 0:01:45]} Rf6 {[%emt 0:02:33]} 17. exf5 {[%emt 0:06:27]} gxf5 {[%emt 0:00:10]} 18. Nd5 {[%emt 0:00:09]} e5 {[%emt 0:03:01]} 19. Qh4 {[%emt 0:00:26]} Rg6 {[%emt 0:21:39]} 20. Qxd8 {[%emt 0:00:18]} Rxd8 {[%emt 0:00:06]} 21. Ne7 {[%emt 0:07:12]} Rxg2+ {[%emt 0:02:43]} 22. Kf1 {[%emt 0:00:01]} Ba8 {[%emt 0:00:50]} 23. Nxf5+ {[%emt 0:00:21]} Kh8 {[%emt 0:03:16]} 24. Nxd6 {[%emt 0:23:49]} Rf8 {[%emt 0:00:43]} 25. f3 {[%emt 0:00:04]} Rh2 {[%emt 0:01:35]} 26. c5 {[%emt 0:00:18]} bxc5 {[%emt 0:00:40]} 27. bxc5 {[%emt 0:00:19]} Bc6 28. Rab1 {[%emt 0:02:38]} e4 {[%emt 0:15:03]} 29. Bb5 {[%emt 0:04:33]} Bxb5+ {[%emt 0:01:43]} 30. Nxb5 Rxf3+ {[%emt 0:01:27]} 31. Kg1 {[%emt 0:00:24]} Rff2 {[%emt 0:00:11]} 32. c6 {[%emt 0:02:31]} Ne5 {[%emt 0:00:39]} 33. Nd4 {[%emt 0:03:24]} Nf3+ {[%emt 0:00:12]} 34. Nxf3 {[%emt 0:00:03]} exf3 {[%emt 0:00:08]} *